Differential calculus / (Record no. 1252)

MARC details
000 -LEADER
fixed length control field 00872nac a22002531i 4500
003 - CONTROL NUMBER IDENTIFIER
control field EG-ScBUE
005 - DATE AND TIME OF LATEST TRANSACTION
control field 20250218112620.0
008 - FIXED-LENGTH DATA ELEMENTS--GENERAL INFORMATION
fixed length control field 250211s2003 ii a f 000 0 eng d
020 ## - INTERNATIONAL STANDARD BOOK NUMBER
International Standard Book Number 8121904714
020 ## - INTERNATIONAL STANDARD BOOK NUMBER
International Standard Book Number 9788121904711
040 ## - CATALOGING SOURCE
Original cataloging agency EG-ScBUE
Language of cataloging eng
Description conventions rda
Transcribing agency EG-ScBUE
Modifying agency EG-ScBUE
082 04 - DEWEY DECIMAL CLASSIFICATION NUMBER
Classification number 517.2
Item number NAR
Edition number 22
100 1# - MAIN ENTRY--PERSONAL NAME
Personal name Narayan, Shanti,
Relator term author.
245 10 - TITLE STATEMENT
Title Differential calculus /
Statement of responsibility, etc Shanti Narayan, Ex. Dean of colleges, University of Delhi, Delhi (Formerly Principal, Hans Raj College, Delhi )
264 #1 - PUBLICATION, DISTRIBUTION, ETC. (IMPRINT)
Place of publication, distribution, etc New Delhi :
Name of publisher, distributor, etc S. Chand & Company LTD.,
Date of publication, distribution, etc 2003.
300 ## - PHYSICAL DESCRIPTION
Extent xiv, 378 Pages :
Other physical details illustrations ;
Dimensions 24 cm
336 ## - CONTENT TYPE
Source rdacontent
Content type term text
Content type code txt
337 ## - MEDIA TYPE
Media type term unmediated
Source rdamedia
Media type code n
338 ## - CARRIER TYPE
Carrier type term volume
Carrier type code nc
Source rdacarrier
521 ## - TARGET AUDIENCE NOTE
Target audience note For B.A. & B.Sc. students.
650 #7 - SUBJECT ADDED ENTRY--TOPICAL TERM
Topical term or geographic name as entry element Differential calculus.
Source of heading or term BUEsh
655 ## - INDEX TERM--GENRE/FORM
Form subdivision Reading book
942 ## - ADDED ENTRY ELEMENTS (KOHA)
Koha item type Book - Borrowing
Source of classification or shelving scheme Dewey Decimal Classification
Holdings
Withdrawn status Lost status Source of classification or shelving scheme Damaged status Not for loan Collection code Home library Current library Shelving location Date acquired Cost, normal purchase price Total Checkouts Total Renewals Full call number Barcode Date last seen Date checked out Cost, replacement price Price effective from Koha item type
    Dewey Decimal Classification     Baccah Central Library Central Library First floor 29/08/2006 34.00 1 7 517.2 NAR 000003229 15/07/2025 03/11/2012 42.50 29/08/2006 Book - Borrowing